000 00336nam a22001217a 4500
008 180517b xxu||||| |||| 00| 0 eng d
041 _aeng
080 _a043.3
100 _a0
101 _aSHKI-BTH
245 _aHumbjet e sinjalit në kabllin optik, teknologjia WDM dhe DWDM në rrjetat optike Bacbone
_cSylejmani,A
942 _2udc
_cBK
999 _c45881
_d45881